000 01837nam a2200265Ia 4500
003 CO-CtgCURN
005 20250407230606.0
008 190723s9999 xx 000 0 und d
020 _a9586165043
040 _aCO-CtgCURN
_bspa
_ccoctgcurn
082 _a346.02
_bS246
100 _aSarmiento García, Manuel Guillermo
_eautor
_97375
245 0 _aEstudios de responsabilidad civil /
_cManuel Guillermo Sarmiento García
260 _aBogotá, Colombia :
_bUniversidad Externado de Colombia,
_c2002
300 _a288 páginas ;
_c24 centímetros.
500 _aIncluye índice, Incluye prólogo
505 _aCap.1. La evolución de la legislación internacional en materia de responsabilidad del transportador -- Cap.2. La responsabilidad del estado frente a los operadores de infraestructura aeroportuaria -- Cap.3. La responsabilidad del operador del transporte multimodal en la legislación andina -- Cap.4. El régimen de responsabilidad civil por daños al medio ambiente -- Cap.5. La responsabilidad del comandante de aeronave en el derecho colombiano -- Cap.6. Las fuentes de las obligaciones en el derecho civil, moderno -- Cap.7. Influencia del sistema de Varsovia en el derecho aeronáutico latinoamericano -- Cap.8. La responsabilidad civil por daños al patrimonio cultural -- Cap.9. La teoría del riesgo y la responsabilidad civil -- Cap.10. La responsabilidad medica -- Cap.11. El nuevo régimen del transporte aéreo internacional contenido con el convenio de Montreal de 1999.
521 _aAREA PROFESIONAL
590 _aPrograma de Derecho_18
650 _aDerecho privado
_97376
650 _aResponsabilidad civil
_97377
942 _cBK
_h346.02
_iS246
_2ddc
_n0
999 _c29145
_d29145